[Event "20th Dubai Open 2018"]
[Site "Dubai"]
[Date "2018.04.08"]
[Round "7"]
[White "Volkov, Sergey"]
[Black "Zhu, Yilun"]
[Result "1-0"]
[WhiteElo "2598"]
[BlackElo "2195"]
[Annotator "TA"]
[PlyCount "73"]
[EventDate "2018.??.??"]
[EventType "swiss"]
[EventCountry "UAE"]
[SourceTitle "playchess.com"]
[Source "ChessBase"]
[SourceQuality "1"]

{[%evp 14,73,-6,-15,7,22,24,8,30,8,16,18,18,19,23,37,25,19,29,28,25,31,32,19,21,14,18,16,25,22,30,35,39,36,25,6,8,8,30,8,16,16,17,-22,-20,-20,-20,-23,-25,-26,-28,-32,0,0,0,0,29968,29969,29990,29991,29991,29992]} 1. d4 Nf6 2. c4 e6 3. Nf3 d5 4. Nc3 c5 5. e3 Nc6 6. a3 a6 7. cxd5 exd5 8. Be2 Bd6 {D40: Queen's Gambit Declined: Semi-Tarrasch with 5 e3} (8... cxd4 9. Nxd4 Bd6 10. Bf3 O-O 11. O-O Be5 12. Qd3 Re8 13. Rd1 Bc7 14. Qc2 Ne5 15. Be2 Qd6 16. g3 Bd7 17. e4 dxe4 {0-1 (29) Kuzubov,Y (2628)-Ragger,M (2680) Martuni 2013}) 9. dxc5 Bxc5 10. b4 Ba7 {The position is equal.} 11. b5 axb5 12. Nxb5 Bb8 13. Bb2 O-O 14. O-O Be6 15. Qd3 Ne4 16. Rfd1 Qe7 17. Rac1 Rd8 18. Qb1 $146 ({Predecessor:} 18. Nbd4 Ne5 19. Nxe5 Bxe5 20. g3 Bd7 {½-½ (41) Marcus,J-Enklaar,B Leeuwarden 1973}) 18... Na5 19. Bd4 Nc6 20. Ba1 Ra5 21. Qb2 {[%csl Ga1][%cal Rb2g7]} f6 22. Nbd4 Nxd4 23. Nxd4 Bf7 24. g3 Be5 25. Qb6 Raa8 26. a4 Qd7 27. a5 h5 28. a6 bxa6 29. Nc6 Re8 30. Nxe5 fxe5 31. Rc7 Qf5 32. f4 d4 (32... Rab8 {seems wilder.} 33. Qa7 exf4 34. Qd4 Nf6 35. Rf1 Qe4) 33. Qb7 {Threatens to win with Rxf7!} exf4 {...f3 is the strong threat.} 34. Bxd4 {Hoping for Rxf7!} fxg3 $2 {[%mdl 8192] [#]} (34... Ng5 $11 35. gxf4 Ne6) 35. Rxf7 $1 {[%mdl 512] White mates.} gxh2+ (35... Qxf7 36. Bc4) 36. Kxh2 Qxf7 {[#]} 37. Bc4 $1 {[%mdl 512] Precision: White = 60%, Black = 69%.} 1-0

[Event "20th Dubai Open 2018"]
[Site "Dubai"]
[Date "2018.04.08"]
[Round "7"]
[White "Can, Emre"]
[Black "Anton Guijarro, David"]
[Result "1-0"]
[WhiteElo "2590"]
[BlackElo "2653"]
[Annotator "TA"]
[PlyCount "80"]
[EventDate "2018.??.??"]
[EventType "swiss"]
[EventCountry "UAE"]
[SourceTitle "playchess.com"]
[Source "ChessBase"]
[SourceQuality "1"]

{[%evp 16,80,-6,-1,29,15,14,13,26,0,15,20,21,-8,-18,-24,-14,-18,-24,-32,-27,-22,0,0,0,0,0,0,0,0,22,16,16,14,11,14,27,0,0,0,0,0,0,0,0,0,0,0,315,337,299,304,324,320,558,585,591,596,590,583,1100,1076,995,691,980,665,727]} 1. d4 Nf6 2. c4 e6 3. g3 d5 4. Bg2 Bb4+ 5. Nd2 O-O 6. Ngf3 dxc4 7. Qc2 a5 {E04: Open Catalan: 5 Nf3} 8. a3 Bxd2+ 9. Bxd2 {LiveBook: 4 Games} b6 $146 {The position is equal.} ({Predecessor:} 9... b5 10. a4 c6 11. e4 e5 12. dxe5 Nfd7 13. Be3 Na6 14. O-O Ndc5 15. Rfd1 {½-½ (23) Tomashevsky,E (2702)-Ding,L (2774) Palma de Mallorca 2017}) 10. Qxc4 Ba6 11. Qc2 Nbd7 12. Bf4 c5 13. dxc5 Nxc5 14. Rd1 Nd5 15. Ng5 {[%csl Gg5][%cal Rc2h7] [#]} g6 16. Ne4 Rc8 $1 {aiming for ...Nd3+!} 17. Nxc5 Rxc5 18. Qe4 Rc4 19. Qe5 {Black must now prevent Bh6.} Rc2 20. Bf3 {Strongly threatening Bh6.} Re8 21. h4 f6 22. Qd4 Qe7 23. Rc1 Rec8 24. O-O Qc5 25. Qe4 Kf7 26. b4 $36 {[%mdl 2048] White has the initiative.} axb4 27. axb4 Qc3 {[%cal Rc2c1]} 28. Ra1 f5 29. Qe5 Qxe5 ({Don't play} 29... Nxf4 $6 30. Qxf4 Bb5 31. Ra7+ Rc7 32. Rfa1 $18) 30. Bxe5 Bxe2 31. Ra7+ Ne7 $2 {[%mdl 8192]} (31... Ke8 $11 32. Bxd5 exd5) 32. Bxe2 $18 Rxe2 33. Bd6 Re8 {[#]} 34. Rc1 $1 e5 $2 (34... Rd2) 35. Rcc7 {White is clearly winning.} Ke6 36. Bxe7 f4 37. Kg2 Kf5 38. Kf3 Rb2 39. g4+ Ke6 40. Rab7 Kd5 {Precision: White = 72%, Black = 52%.} 1-0

[Event "20th Dubai Open 2018"]
[Site "Dubai"]
[Date "2018.04.08"]
[Round "7"]
[White "Narayanan.S.L"]
[Black "Adly, Ahmed"]
[Result "0-1"]
[WhiteElo "2568"]
[BlackElo "2626"]
[Annotator "TA"]
[PlyCount "86"]
[EventDate "2018.??.??"]
[EventType "swiss"]
[EventCountry "UAE"]
[SourceTitle "playchess.com"]
[Source "ChessBase"]
[SourceQuality "1"]

{[%evp 14,86,43,38,74,72,85,50,46,49,58,39,27,29,74,75,73,77,102,105,77,78,88,77,79,58,45,48,59,0,0,0,0,0,0,-12,-7,-13,-13,-20,0,-20,-14,-21,-23,-32,-14,-56,-14,-56,-13,-56,-56,-56,-63,-67,-56,-85,-56,-102,-113,-159,-85,-68,-65,-80,-72,-68,-12,-12,-14,-6087,-5919,-12043,-6091]} 1. d4 Nf6 2. c4 g6 3. Nc3 d5 4. Nf3 Bg7 5. cxd5 Nxd5 6. e4 Nb6 7. Be2 O-O {D70: Grünfeld: Unusual White 3rd moves (met by ...d5)} 8. O-O {LiveBook: 25 Games} Nc6 {[%cal Rc6d4]} (8... Bg4 9. Be3 Nc6 10. d5 Bxf3 11. dxc6 Bxe2 12. Nxe2 Qxd1 13. Raxd1 bxc6 14. b3 Rfd8 15. Rc1 Rd6 16. Rc2 Nd7 17. h3 {½-½ (31) Baldauf,M (2401)-Heberla,B (2558) Graz 2015}) 9. d5 Ne5 {White is better.} 10. Bg5 $146 ({Predecessor:} 10. Bf4 Nxf3+ 11. Bxf3 Bd7 12. Rc1 c6 13. Qe2 Rc8 14. dxc6 Bxc6 15. Rfd1 {0-1 (84) Spindler,F (1610)-Leontiev,O (1900) Troisdorf 2014}) 10... Nxf3+ 11. Bxf3 Bd7 12. Re1 h6 13. Bh4 Nc4 14. Be2 Nd6 15. Bd3 g5 16. Bg3 e5 17. dxe6 fxe6 18. h3 Bc6 19. Qe2 Qe7 20. Rad1 Rad8 21. Nb5 (21. Bc2 $14) 21... Nxb5 22. Bxb5 Bxb5 23. Qxb5 c6 24. Qe2 Bd4 25. Kh1 e5 26. f3 Qe6 27. b3 Rd7 28. Bf2 c5 29. Rc1 b6 30. Rc2 Rfd8 31. Rec1 Kg7 32. Bxd4 Rxd4 33. Kh2 Qf7 34. Rf1 h5 35. Qe3 Qf6 36. h4 gxh4 37. Kh3 Rd1 (37... Kg6 $142 38. Re2 Qg5) 38. Rxd1 $17 Rxd1 $40 {[%cal Rd1h1][%mdl 128] [#] Black attacks.} 39. Rc1 Rxc1 40. Qxc1 Qf4 (40... Qg6 $1 $15 41. Qe1 Kh6) 41. Qxf4 $11 exf4 42. Kxh4 $2 $17 {[%mdl 8192] [#] KP-KP} (42. Kh2 $11) 42... Kg6 $19 43. a4 a6 {Precision: White = 29%, Black = 40%.} 0-1

[Event "20th Dubai Open 2018"]
[Site "Dubai"]
[Date "2018.04.08"]
[Round "7"]
[White "Krysa, Leandro"]
[Black "Sharma, Dinesh K"]
[Result "1-0"]
[WhiteElo "2543"]
[BlackElo "2261"]
[Annotator "TA"]
[PlyCount "69"]
[EventDate "2018.??.??"]
[EventType "swiss"]
[EventCountry "UAE"]
[SourceTitle "playchess.com"]
[Source "ChessBase"]
[SourceQuality "1"]

{[%evp 19,69,14,20,12,16,11,43,45,48,41,67,66,58,48,52,50,59,54,66,47,97,95,94,97,180,177,166,180,174,162,156,172,157,135,114,112,216,148,216,219,209,228,294,281,312,281,301,325,563,563,603,564]} 1. Nf3 d5 2. g3 c6 3. Bg2 Bg4 4. O-O Nd7 5. h3 Bh5 6. d4 {A07: Réti Opening: New York and Capablanca Systems} e6 7. c4 Ngf6 8. cxd5 exd5 9. Qb3 (9. Ne5 Ne4 10. Nd2 Nxd2 11. Bxd2 Nxe5 12. dxe5 Bc5 13. Kh2 O-O {½-½ (32) Svidler,P (2768)-Karjakin,S (2753) Wijk aan Zee 2018}) 9... Qb6 10. Qe3+ Be7 {LiveBook: 20 Games} 11. Nh4 {aiming for Nf5.} Bg6 12. Nc3 Kf8 13. Nxg6+ hxg6 {[#]} 14. Qd3 $146 Re8 15. Rb1 a5 16. a3 Qb3 17. h4 {[%cal Bh3h4,Bh4g5][%mdl 32]} Bd6 18. Bg5 Nb6 19. Rfd1 Nh7 20. e4 $1 Nxg5 21. hxg5 dxe4 (21... Rh5 $16) 22. Nxe4 $18 Qxd3 23. Rxd3 Nc8 24. b4 axb4 25. axb4 Be7 26. d5 cxd5 27. Rxd5 Rd8 {[#]} (27... b6 $16 {was necessary.} 28. f4 f6) 28. Rxd8+ $1 Bxd8 {[#]} 29. Rc1 $1 {[%cal Rc1c8]} Nb6 30. b5 Nd7 31. Nd6 Rh5 32. f4 ({Not} 32. Bxb7 Rxg5 33. Rd1 Nc5 $16) 32... f6 33. Bf3 ({Resist} 33. Bxb7 $6 fxg5 34. Bf3 g4 $16) 33... Rh8 $2 (33... Rh7 34. Nxb7 Bb6+ 35. Kg2 fxg5) 34. Nxb7 Bb6+ 35. Kg2 {Precision: White = 94%, Black = 40%.} 1-0

[Event "20th Dubai Open 2018"]
[Site "Dubai"]
[Date "2018.04.08"]
[Round "7"]
[White "Kiriakov, Petr"]
[Black "Tissir, Mohamed"]
[Result "1-0"]
[WhiteElo "2520"]
[BlackElo "2381"]
[Annotator "TA"]
[PlyCount "87"]
[EventDate "2018.??.??"]
[EventType "swiss"]
[EventCountry "UAE"]
[SourceTitle "playchess.com"]
[Source "ChessBase"]
[SourceQuality "1"]

{[%evp 36,87,34,36,48,37,75,69,109,75,176,38,67,38,169,141,214,240,213,221,233,236,262,262,324,316,312,273,373,354,362,359,405,279,487,456,489,488,473,449,525,423,610,604,567,517,1059,1031,2703,1413,3052,2734,5639,5606]} 1. d4 Nf6 2. c4 g6 3. Nc3 Bg7 4. e4 d6 5. Nf3 {[%cal Bg1f3,Bf3e1,Be1d3][%mdl 32]} O-O 6. Be2 e5 7. O-O Nc6 8. d5 Ne7 9. Ne1 Nd7 10. Be3 f5 11. f3 f4 12. Bf2 g5 13. a4 a5 14. Nd3 b6 15. b4 axb4 16. Nxb4 Nf6 {E99: King's Indian: Classical Main Line: 9 Ne1 Nd7 10 f3 f5} 17. Nc6 (17. Be1 Rf7 18. Nd3 Ng6 19. Nf2 Bf8 20. Nb5 h5 21. a5 bxa5 22. Rxa5 Rxa5 23. Bxa5 g4 24. fxg4 hxg4 25. Bxg4 Nxg4 26. Nxg4 {0-1 (40) Kozul,Z (2608)-Vovk,A (2614) Trieste 2014}) 17... Nxc6 18. dxc6 Qe8 19. Nd5 {LiveBook: 12 Games} Nxd5 20. cxd5 Rf6 $146 {[#]} ({Predecessor:} 20... Qg6 21. a5 bxa5 22. Be1 a4 23. Rxa4 Rxa4 24. Qxa4 {1-0 (34) Irvin,J (1529)-Fischer,N (1800) ICCF email 1996}) 21. a5 $1 {[%mdl 512]} bxa5 {[#]} (21... Rxa5 22. Rxa5) 22. Qd2 $1 Qh5 {White must now prevent ...Rh6.} 23. Kh1 ({Only move:} 23. Rxa5 $18 Rb8 24. Rfa1) 23... g4 $14 {Threatens to win with ...g3.} 24. Bg1 (24. Rfb1 $5 {[%cal Ra1a5]}) 24... g3 {[#]} ({Black should play} 24... gxf3 $14 25. Bxf3 Bg4) 25. Rfb1 $1 $18 gxh2 (25... a4 $16) 26. Bf2 Rg6 27. Bf1 Qg5 {[#]} 28. Rb7 $1 {[%mdl 512]} Bh3 {[%cal Rh3g2]} (28... Bxb7 29. cxb7) 29. Be1 (29. gxh3 $2 Qg1+ 30. Bxg1 hxg1=Q#) 29... Rc8 30. Rxa5 (30. Qf2 Bf6) 30... Bf6 31. Raa7 (31. Kxh2 Rf8 $18) 31... Bd8 32. Rb2 {[%cal Bb7b2,Bb2a2,Ba2a7][%mdl 32]} Kh8 33. Qf2 ({Don't take} 33. Kxh2 Bf6 $18) 33... Bf6 34. Rba2 Qh5 $2 (34... Rgg8 {was necessary.} 35. Kxh2 Qg7) 35. Ra8 {White is clearly winning.} Rgg8 36. Rxc8 Bxc8 37. Ra7 Bd8 38. Ba5 Qf7 (38... Qg6 $142 39. Ra8 (39. Bxc7 Bxc7 40. Rxc7 Qg3 $18) 39... Be7 40. Bxc7 Qf7) 39. Ra8 Bf6 40. Qa7 Qh5 (40... h5 $142 41. Bxc7 Qf8) 41. Qxc7 Qh4 42. Qxd6 Bg7 43. Qc5 Bf8 44. d6 {Precision: White = 78%, Black = 32%.} 1-0

[Event "20th Dubai Open 2018"]
[Site "Dubai"]
[Date "2018.04.08"]
[Round "7"]
[White "Vishnu, Prasanna. V"]
[Black "Sethuraman, S.P"]
[Result "0-1"]
[WhiteElo "2510"]
[BlackElo "2631"]
[Annotator "TA"]
[PlyCount "82"]
[EventDate "2018.??.??"]
[EventType "swiss"]
[EventCountry "UAE"]
[SourceTitle "playchess.com"]
[Source "ChessBase"]
[SourceQuality "1"]

{[%evp 15,82,58,60,8,17,9,14,0,9,-7,13,14,31,21,16,0,26,26,27,23,26,23,58,23,23,29,39,-4,22,0,0,0,0,0,0,0,0,0,0,0,6,-25,-27,-27,-23,-33,-50,-289,-300,-298,-181,-176,-173,-319,-312,-290,-302,-568,-525,-1418,-1368,-1348,-794,-908,-886,-1047,-956,-1122,-1090]} 1. c4 f5 2. Nc3 Nf6 3. d4 d6 4. g3 g6 5. Bg2 Bg7 6. Nh3 c6 {A86: Dutch Defence: Leningrad System: Unusual lines and 5 Nh3} 7. d5 e5 8. dxe6 Bxe6 {LiveBook: 31 Games. White is slightly better.} 9. b3 ({White should play} 9. Qb3 $14) 9... O-O 10. Rb1 Na6 11. O-O Qe7 12. Ng5 {[%cal Bh3g5,Bg5f3,Bf3d4][%mdl 32]} Bc8 13. Bb2 $146 ({Predecessor:} 13. Qc2 h6 14. Nf3 Nc5 15. Ba3 Be6 16. Rbd1 Rad8 17. e3 Bf7 18. Ne2 Qe4 19. Qc1 {½-½ (39) Petrosian,T (2610)-Knezevic,M (2500) Banja Luka 1979}) 13... h6 14. Nf3 Be6 15. e3 Nc5 16. Qc2 a5 17. Rbd1 Bf7 18. Nd4 Nce4 19. Nde2 Nc5 {[%cal Be4c5,Bc5d7,Bd7e5,Be5f3][%mdl 32]} 20. Rd2 Rad8 21. a3 {[%cal Ba2a3,Ba3b4][%mdl 32]} Qc7 22. Rb1 Ng4 23. b4 axb4 24. axb4 Nd7 25. Na4 Nde5 26. h3 Nf6 27. Rd4 Qe7 28. Nb6 g5 {[%cal Bg6g5,Bg5g4][%mdl 32]} 29. Rdd1 Bg6 {aiming for ...f4.} 30. f4 {[#]} Nf3+ $1 {[%mdl 512]} 31. Kf2 $2 (31. Bxf3 $15 Qxe3+ 32. Kh2 Qxf3 33. Nd4) 31... Ne4+ $19 32. Kf1 g4 33. Na4 {intending Bxg7.} h5 34. Nac3 (34. Bxg7 $142 Kxg7 35. Nac3) 34... Bxc3 ({Weaker is} 34... Nxc3 35. Bxc3 Qxe3 36. Rd3 $15) 35. Bxc3 h4 36. gxh4 $2 (36. Be1 Rde8 37. Rb3) 36... Qxh4 {[%csl Ge4][%cal Rh4f2] [#] Black is clearly winning.} 37. Ng1 Nh2+ 38. Ke2 gxh3 39. Bxe4 fxe4 40. Nxh3 Qxh3 41. Rg1 Qf3+ {Precision: White = 41%, Black = 57%.} 0-1

[Event "20th Dubai Open 2018"]
[Site "Dubai"]
[Date "2018.04.08"]
[Round "7"]
[White "Venkatesh, M.R"]
[Black "Rakhmanov, Aleksandr"]
[Result "1-0"]
[WhiteElo "2487"]
[BlackElo "2652"]
[Annotator "TA"]
[PlyCount "101"]
[EventDate "2018.??.??"]
[EventType "swiss"]
[EventCountry "UAE"]
[SourceTitle "playchess.com"]
[Source "ChessBase"]
[SourceQuality "1"]

{[%evp 16,101,9,8,15,-26,57,58,82,95,88,86,97,91,70,69,71,44,44,66,60,25,60,-4,0,0,0,0,0,0,0,0,0,0,108,115,123,119,521,521,491,571,602,606,601,575,712,712,690,685,823,813,680,473,658,482,390,494,491,489,487,478,414,487,489,489,468,481,423,400,573,581,533,349,485,358,470,452,587,578,29963,29963,29954,29965,29952,29939,6677,6664]} 1. Nf3 d5 2. g3 g6 3. Bg2 Bg7 4. d4 c6 5. O-O Nf6 6. c4 O-O 7. Qb3 Qb6 8. Nc3 Bf5 9. Ne5 {[%cal Rc4d5]} e6 {D78: Fianchetto Grünfeld: 6 0-0 c6} (9... Be6 10. Qd1 dxc4 11. Na4 Qd8 12. Nc5 Qc8 13. Qc2 Bh3 14. Qxc4 Bxg2 15. Kxg2 Nbd7 16. Ncd3 Nxe5 17. dxe5 Nd5 {1-0 (36) Nakamura,H (2787)-Kramnik,V (2800) Moscow 2018}) 10. c5 Qc7 $146 ({Black should play} 10... Qxb3 $11 11. axb3 Nbd7) ({Predecessor:} 10... Qxb3 11. axb3 {½-½ (11) Kempinski,R (2579)-Avrukh,B (2644) Dresden 2007}) 11. h3 Nfd7 {White is slightly better.} 12. g4 $1 Nxe5 13. dxe5 (13. gxf5 $6 Nc4 $11) 13... Bxe5 14. gxf5 exf5 15. Rd1 Re8 16. Be3 Na6 17. Qa3 Qe7 18. Rac1 Nc7 19. Qa4 (19. Bd2 $1 $14) 19... Ne6 $11 20. Bxd5 f4 21. Bxe6 $1 fxe3 22. Bb3 exf2+ 23. Kxf2 {Qc4 is the strong threat.} Qf6+ (23... Qxc5+ 24. e3 $14) 24. Kg1 $1 {Black must now prevent Rf1.} Bf4 {[#]} (24... h5 $1 $11 25. h4 Rad8 26. Rxd8 Rxd8) 25. Rf1 $1 $16 ({Inferior is} 25. Ne4 Rxe4 26. Qxe4 Bxc1 $17) 25... Qg5+ 26. Kh1 Bxc1 $4 {[%mdl 8192]} (26... Re3 $16 27. Bxf7+ Kg7) 27. Rxf7 $18 {Qd4 would kill now.} ({And not} 27. Bxf7+ Kg7 $11) 27... Kh8 28. Qd4+ Re5 29. Ne4 Qh5 30. Rf3 Rae8 {And now ...Qh4 would win.} 31. Nd6 $1 {[%csl LRb7,LRe8]} R8e7 {[#]} 32. Nf7+ $1 Rxf7 33. Qd8+ (33. Bxf7 Kg7 $14) 33... Kg7 34. Rxf7+ Kh6 35. h4 {[%cal Rd8f8]} Re8 36. Qxe8 {[%cal Re8f8]} Qxh4+ 37. Kg2 {Intending Qf8+ and mate.} Qg4+ 38. Kf1 {Strongly threatening Qf8+.} Qh3+ 39. Ke1 {Hoping for Qf8+.} Qh1+ 40. Rf1 Bd2+ 41. Kxd2 Qxf1 42. Qe3+ Kg7 (42... Kh5 {was called for.} 43. Qe7 Qf4+ 44. e3 Qf2+ 45. Kd3 Qf5+ 46. Kd4 Qg4+ 47. Kc3 Qf3) 43. Qe7+ Kh6 44. Qh4+ Kg7 45. Qd4+ Kh6 46. Bg8 g5 47. Qe4 {[%csl Gg8][%cal Re4h7]} Kh5 48. Qxh7+ Kg4 49. Be6+ Kg3 50. Qd3+ Kh2 51. Qf3 {Precision: White = 85%, Black = 48%.} 1-0

[Event "20th Dubai Open 2018"]
[Site "Dubai"]
[Date "2018.04.08"]
[Round "7"]
[White "Santiago, Yago De Moura"]
[Black "Kovalev, Vladislav"]
[Result "0-1"]
[WhiteElo "2476"]
[BlackElo "2648"]
[Annotator "TA"]
[PlyCount "86"]
[EventDate "2018.??.??"]
[EventType "swiss"]
[EventCountry "UAE"]
[SourceTitle "playchess.com"]
[Source "ChessBase"]
[SourceQuality "1"]

{[%evp 16,86,12,16,33,18,19,29,80,84,90,77,126,118,102,89,139,93,145,149,148,121,133,135,173,151,147,101,115,26,89,27,27,19,8,15,18,-97,-86,-133,-31,-145,-138,-238,-240,-511,-219,-211,-217,-258,-268,-266,-264,-270,-250,-515,-297,-240,-196,-330,-325,-366,-359,-550,-514,-579,-578,-564,-530,-497,-367,-526,-495]} 1. d4 Nf6 2. c4 g6 3. Nc3 Bg7 4. e4 d6 5. Be2 O-O 6. Be3 Na6 {E73: King's Indian: Averbakh Variation without 6...c5} (6... e5 7. d5 a5 8. g4 Na6 9. h4 Nc5 10. f3 h5 11. g5 Nh7 12. Kd2 Bd7 13. Nh3 c6 14. Nf2 cxd5 15. exd5 f5 16. gxf6 Nxf6 17. Bxc5 dxc5 {0-1 (37) Vallejo Pons,F (2705)-Radjabov,T (2741) Palma de Mallorca 2017}) 7. g4 {[%cal Bg2g4,Bg4g5][%mdl 32]} c5 8. d5 e6 9. g5 {LiveBook: 7 Games} Nh5 10. Bxh5 gxh5 11. Nge2 $146 ({Predecessor:} 11. Qd2 Nc7 12. Nge2 exd5 13. exd5 Bf5 14. Ng3 {½-½ (52) Shishkin,V (2517)-Secheres,A (2280) Mamaia 2015}) 11... Re8 (11... exd5 $11 12. Nxd5 Bg4) 12. Nf4 $16 exd5 {White must now prevent ...d4.} 13. Nfxd5 Bg4 14. f3 $36 {[%mdl 2048] White is in control.} Be6 15. Qd2 Kh8 16. O-O Nb8 (16... Nc7 $142) 17. Kh1 Nc6 18. f4 Bxd5 19. cxd5 Nd4 20. f5 $1 Be5 21. Qd1 Rg8 22. f6 (22. Rg1 $16) 22... Rg6 (22... h4 $11 {keeps the balance.}) 23. Rf2 ({White should try} 23. Rc1 $16) 23... b5 $1 $11 {[%cal Bb7b5,Bb5b4][%mdl 32]} 24. Qxh5 b4 25. Nd1 Qd7 26. Rc1 (26. Rg2 $11) 26... Qb5 $1 $17 27. Qh3 Rag8 (27... Qd3 $17 28. Qg2 Rag8) 28. Qf1 (28. Bd2 $1 $15) 28... Qd7 29. Qg2 {[#]} (29. a3 $17 bxa3 30. Rb1 (30. bxa3 Qg4 $17)) 29... Bxf6 $1 $19 {[%mdl 512]} 30. h4 $2 {[#]} (30. Rxf6 Rxf6 31. Nf2) 30... Be5 (30... Rh6 $142 $3 {[%mdl 512]} 31. Qh2 {[#]} (31. gxh6 Rxg2) 31... Bxg5 $1 {[%mdl 512]} 32. Bxg5 Rxg5 $1 {[%mdl 512]}) 31. Bxd4 Bxd4 (31... cxd4 32. Rf5 $17) 32. Rf5 f6 33. Nf2 fxg5 ({Resist} 33... Bxb2 34. Rf1 $17) 34. hxg5 Be3 ({Don't take} 34... Bxb2 35. Rf1 $19) 35. Rf1 $2 (35. Rg1) 35... Rxg5 36. Rxg5 Rxg5 37. Qf3 (37. Qh3 {was the only defense.} Qxh3+ 38. Nxh3) 37... Bd4 38. Nh3 Rg8 39. b3 (39. e5 $142 Bxe5 40. Rg1) 39... Qe7 40. Qf4 Qg7 {[%csl Gg8][%cal Rg7g2]} 41. Qf3 Qh6 42. Qd3 Qh4 {...Rg3 is the strong threat.} 43. Qf3 (43. Rf4 $142 Rg1+ 44. Kh2) 43... a5 {Precision: White = 42%, Black = 42%.} 0-1

[Event "20th Dubai Open 2018"]
[Site "Dubai"]
[Date "2018.04.08"]
[Round "7"]
[White "Karthik, Venkataraman"]
[Black "Mohannad, Farhan"]
[Result "1-0"]
[WhiteElo "2470"]
[BlackElo "2219"]
[Annotator "TA"]
[PlyCount "105"]
[EventDate "2018.??.??"]
[EventType "swiss"]
[EventCountry "UAE"]
[SourceTitle "playchess.com"]
[Source "ChessBase"]
[SourceQuality "1"]

{[%evp 17,105,0,10,-13,0,16,66,56,111,71,180,167,189,205,197,181,184,173,179,148,122,87,95,86,101,101,91,86,109,97,136,125,150,93,184,143,145,146,165,148,247,265,275,246,241,265,240,177,220,171,230,191,260,177,189,185,224,220,214,121,121,106,301,303,298,260,252,243,215,151,142,139,129,92,166,141,1027,1008,940,652,1150,1133,950,514,660,658,725,730,731,535]} 1. d4 e6 2. Bf4 Nf6 3. e3 b6 4. Nf3 Be7 5. Bd3 Bb7 6. Nbd2 c5 7. c3 d6 8. Qe2 {A47: 1 d4 Nf6 2 Nf3 b6: Torre, London and Colle Systems} (8. O-O O-O 9. h3 Nc6 10. Qe2 Qc7 11. Ba6 Rad8 12. Bxb7 Qxb7 13. Bg5 h6 14. Bxf6 Bxf6 15. Rad1 Rfe8 16. Rfe1 d5 17. Qb5 a6 18. Qb3 {1-0 (50) Fridman,D (2569)-Movsesian,S (2624) playchess.com INT 2005}) 8... O-O 9. h4 Nc6 {LiveBook: 3 Games} 10. Bg5 {The position is equal.} Re8 $146 ({Predecessor:} 10... g6 11. h5 e5 12. Bh6 Re8 13. hxg6 hxg6 14. Bxg6 fxg6 15. Qd3 e4 16. Nxe4 Rf8 17. Nxd6 {1-0 (17) Karthik,V (2347)-Jayakumaar,S (2237) Kankarbagh 2017}) 11. O-O-O cxd4 12. exd4 {[%cal Be3d4,Bd4d5][%mdl 32]} e5 (12... Nd5 $14) 13. d5 e4 (13... Nd4 $16 {keeps fighting.} 14. cxd4 e4) 14. Nxe4 $18 (14. dxc6 exd3 15. Qxd3 Bxc6 $11) 14... Nxe4 15. Bxe4 Ne5 16. Kb1 $1 {Black must now prevent Nxe5.} Nd7 17. Qc2 $1 h6 18. Bc1 Nf6 19. Nd4 Nxe4 20. Qxe4 Bf6 21. Qf3 $1 Bxd4 22. Rxd4 Qe7 23. Rhd1 Ba6 {Threatening ...Be2.} 24. Be3 Bc8 25. g4 (25. Ka1 $142) 25... Qe5 (25... Qxh4 $16 26. g5 Qh3 27. Qxh3 Bxh3) 26. Rf4 f6 27. Rg1 Ba6 28. Rd4 g5 (28... Re7 $16 29. Bf4 Qe2 30. Qxe2 Rxe2 31. Bxd6 Rxf2) 29. Rh1 Kg7 30. Qh3 Rh8 31. Bd2 Qe7 32. Re1 Qf7 33. Qg3 Rad8 (33... Rae8 $142 34. Rxe8 (34. Qxd6 Rxe1+ 35. Bxe1 Re8 $18) 34... Rxe8 35. Qxd6 gxh4) 34. f4 Rhe8 (34... Rde8 $142 35. fxg5 (35. hxg5 hxg5 36. c4 gxf4 $18) 35... Rxe1+ 36. Qxe1 (36. Bxe1 hxg5 37. h5 Qe7 $16) 36... fxg5) 35. Rxe8 (35. fxg5 $6 hxg5 36. Rxe8 (36. hxg5 fxg5 37. Rxe8 Qxe8 $16) 36... Qxe8 $18) 35... Rxe8 36. fxg5 Qg6+ 37. Kc1 $1 fxg5 38. hxg5 ({White should try} 38. Ra4 $18 Qf7 39. c4 (39. Rxa6 Qf1+ 40. Kc2 Qxa6 $11) (39. Qxd6 Bd3 $17) (39. hxg5 Qf1+ 40. Kc2 Be2 $16)) 38... hxg5 $16 39. c4 Rh8 $2 (39... Kg8 $16 {was worth a try.}) 40. Bc3 $18 Kg8 41. Qe1 {White threatens Re4 and mate.} Rh2 {[%csl Gh2][%cal Rg6c2] [#]} 42. Re4 $1 {[%cal Re4e8] Re8+ would kill now.} Kf8 {intending ...Bxc4.} 43. Bd2 {And now Re6 would win.} Bc8 44. Qf1+ Kg8 45. Qf3 Bd7 (45... Rf2 $16 46. Qe3 (46. Qxf2 Qxe4 47. b3 Qe5 $16) 46... Rf1+ 47. Be1 Kf8) 46. Re7 $40 {[%mdl 128] White attacks with force.} Ba4 $2 {[%mdl 8192] [#]} (46... Rh7 $16 47. Rxh7 Qxh7 48. Bxg5 b5) 47. b3 $1 {White is clearly winning.} Be8 48. a4 a5 49. Re6 Qf7 50. Qxf7+ Bxf7 51. Rxd6 Kg7 52. Rxb6 Bg6 53. d6 {Precision: White = 54%, Black = 31%.} 1-0